000 01121nam a22003137a 4500
003 CHAP
005 20220329134236.0
008 971013s r 00010 d
010 _a17470
011 _a18442
035 _a22527
040 _cCHAP
090 _aR-1151Y
100 0 0 _aJohnston, J. E.
_961895
245 _aRespuestas fisiológicas de toros Holstein, suizo pardo y sus cruzas con sindhi rojo expuestos a altas temperaturas y humedades
500 _aSobretiro de: Journal of Animal Sciente, 22:432-436, 1963
590 _aBATCH-UPD
_b10
_c20130109
_lUCH01
_h2307
590 _aBATCH-UPD
_b10
_c20130110
_lUCH01
_h0942
590 _aBATCH-UPD
_b10
_c20130410
_lUCH01
_h0558
590 _aBATCH-UPD
_b10
_c20130914
_lUCH01
_h0338
590 _aBATCH-UPD
_b10
_c20130914
_lUCH01
_h2013
590 _aCONVERSION
_b10
_c20130109
_lUCH01
_h1311
650 1 4 _aAnimales domésticos
_xAnatomía y fisiología.
_95892
650 1 4 _aGanado lechero
_xReproducción.
_945294
650 1 4 _aTemperatura
_xEfecto en ganado vacuno.
_9112197
901 _aBK
942 _cREIMP
949 _aR-1151Y
_bBC
_cR
_d-52826
_eTS1
_i22527
_si
999 _c17470
_d17470